| 000 | 00542nam a22001815i 4500 | ||
|---|---|---|---|
| 001 | 168549 | ||
| 003 | ES-MaACL | ||
| 005 | 20230906213822.0 | ||
| 008 | 080421s1971 sp |||| | spa d | ||
| 080 | _a820-312.4"19" | ||
| 100 | 1 |
_aMacLean, Alistair. _9137637 |
|
| 245 | 1 | 3 |
_aLa muñeca ahorcada / _cpor Alistair MacLean ; [traducción de Adolfo Martín]. |
| 250 | _a1ª ed. | ||
| 260 |
_aBarcelona : _bPlaza Janés, _c1971. |
||
| 300 |
_a314 p. ; _c20 cm. |
||
| 700 | 1 |
_aMartín, Adolfo. _977259 |
|
| 852 |
_aES-MaACL _jC-41159 _9R.78894 |
||
| 999 |
_c168549 _d168549 |
||